000 01450nam a22003978i 4500
001 021005457
003 EG-ScBUE
005 20251006090122.0
008 230322s2021 enka f b 001 0 eng d
020 _a9780367694395
040 _aStDuBDS
_beng
_erda
_cStDuBDS
_dEG-ScBUE
043 _af-ua---
082 0 4 _a962.05
_222
_bROU
245 0 0 _aRoutledge handbook on contemporary Egypt /
_cedited by Robert Springborg [and six others]
246 3 0 _aHandbook on contemporary Egypt
246 3 0 _aContemporary Egypt
264 1 _aLondon ;
_aNew York :
_bRoutledge,
_c2021.
300 _a494 pages :
_billustrations (black and white) ;
_c25 cm
336 _atext
_2rdacontent
_btxt
336 _astill image
_2rdacontent
_btxt
337 _aunmediated
_2rdamedia
_bn
338 _avolume
_2rdacarrier
_bnc
490 0 _aRoutledge handbooks
504 _aIncludes bibliographical references and index.
650 7 _aLaw
_zEgypt
_xHistory.
_2BUEsh
650 7 _aPopular culture
_zEgypt
_xHistory
_y21st century.
_2BUEsh
651 7 _aEgypt
_xHistory
_y20th century.
_2BUEsh
651 7 _aEgypt
_xHistory
_y21st century.
_2BUEsh
651 7 _aEgypt
_xPolitics and government
_y20th century.
_2BUEsh
651 7 _aEgypt
_xPolitics and government
_y21st century.
_2BUEsh
651 7 _aEgypt
_xEconomic conditions
_y21st century.
_2BUEsh
653 _cOctober2025
_bBUSBOL
655 _vReading book
700 1 _aSpringborg, Robert,
_eeditor.
942 _2ddc
_cBB
999 _c30996
_d30967